Normal view
MARC view
- Blyn, George
Entry Personal Name
001 - CONTROL NUMBER
- control field: 18588
003 - CONTROL NUMBER IDENTIFIER
- control field: OSt
005 - DATE AND TIME OF LATEST TRANSACTION
- control field: 20110218135925.0
008 - FIXED-LENGTH DATA ELEMENTS
- fixed length control field: 110218|||a|||||| | ||| d
040 ## - CATALOGING SOURCE
- Original cataloging agency: OSt
- Transcribing agency: OSt
100 ## - HEADING--PERSONAL NAME
- Personal name: Blyn, George
670 ## - SOURCE DATA FOUND
- Source citation: Work cat.: (OSt): Blyn, George, Agricultural trends in India, 1891-1947: out put, availability, and productivity, 1966
670 ## - SOURCE DATA FOUND
- Source citation: Work cat.: (OSt): Blyn, George, Agricultural trends in India, 1891-1947: out put, availability, and productivity, 1966
